| 000 | 00854nam a2200157Ia 4500 | ||
|---|---|---|---|
| 005 | 20260209120119.0 | ||
| 008 | 260209s9999||||xx |||||||||||||| ||und|| | ||
| 100 | _aK. Radha Pyari | ||
| 245 | 0 | _aResearch papers on selected topics in business law | |
| 260 |
_aWaltairWaltair _bAndhra University _c1989 |
||
| 300 | _a168 p. ; 25 cm. | ||
| 505 | _aCONTENTS 1. CERTIFICATE; 2. DECLARATION; 3. ACKNOWLEDGMENTS; 4. LIST OF ABBREVIATIONS; 5. LIST OF TOPICS; CONTRACTS: THE RULE IN HIGH TREES CASE - A CRITICAL APPRAISAL; BANKING: BANKER'S LIEN AGAINST SECURITY FOR ADVANCES; INSURANCE: CONSTRUCTIVE TOTAL LOSS OF SHIP - A CRITICAL ANALYSIS; COMPANY LAW: THE RULE IN TURQUAND'S CASE; | ||
| 650 | _aBanking Company Law Contracts Insurance | ||
| 700 | _aDr. M V A Naidu - GuideDr. M V A Naidu - Guide | ||
| 856 | _uhttps://dans.nls.ac.in/handle/123456789/1481 | ||
| 999 |
_c216645 _d216645 |
||